[Event "1. Bundesliga 2016/2017"]
[Site "Jenbach"]
[Date "2017.04.20"]
[Round "9"]
[Board "1"]
[White "Georgiadis, Nico"]
[Black "Lenic, Luka"]
[Result "1/2-1/2"]
[WhiteElo "2478"]
[BlackElo "2645"]
[PlyCount "97"]
[EventDate "2016.10.20"]
[EventType "team"]
[EventRounds "11"]
[EventCountry "AUT"]
[WhiteTeam "Schachclub Sparkasse Goetzis"]
[BlackTeam "SV Raika Rapid Feffernitz"]

1.d4 d5 2.c4 c6 3.cxd5 cxd5 4.Bf4 Nc6 5.e3 Nf6 6.Nc3 a6 7.Be2 Bf5 8.g4 Be4 9.f3 Bg6
10.h4 h6 11.Nh3 e6 12.Bg3 Bd6 13.Nf4 Bh7 14.Kf2 Qe7 15.Rc1 Rd8 16.Qg1 Bb8 17.g5 Bxf4
18.Bxf4 Nh5 19.Bh2 Bg6 20.a3 e5 21.Qg4 exd4 22.exd4 f5 23.gxf6 Qxf6 24.Bc7 Rd7 25.Rce1
Ne7 26.Be5 Qf7 27.Bd1 Bf5 28.Qg2 O-O 29.Bb3 Ng6 30.Re3 Nhf4 31.Bxf4 Nxf4 32.Qg3 Bh7
33.Qg4 Rd6 34.h5 Rb6 35.Na4 Rxb3 36.Rxb3 Bc2 37.Nc5 Bxb3 38.Nxb3 Qc7 39.Nc5 Qb6 40.b4
Qf6 41.Rd1 Rf7 42.Rd2 Qd6 43.Nxb7 Qc6 44.Nc5 Kh7 45.a4 Qb6 46.Rb2 Qf6 47.Rd2 Qb6 48.Rb2
Qf6 49.Rd2 1/2-1/2

[Event "1. Bundesliga 2016/2017"]
[Site "Jenbach"]
[Date "2017.04.20"]
[Round "9"]
[Board "2"]
[White "Danin, Alexandre"]
[Black "Krassowizkij, Jaroslaw"]
[Result "1/2-1/2"]
[WhiteElo "2564"]
[BlackElo "2453"]
[PlyCount "94"]
[EventDate "2016.10.20"]
[EventType "team"]
[EventRounds "11"]
[EventCountry "AUT"]
[WhiteTeam "SV Raika Rapid Feffernitz"]
[BlackTeam "Schachclub Sparkasse Goetzis"]

1.e4 c5 2.Nf3 e6 3.d4 cxd4 4.Nxd4 Nf6 5.Nc3 Nc6 6.Ndb5 d6 7.Bf4 e5 8.Bg5 a6 9.Na3
b5 10.Bxf6 gxf6 11.Nd5 Bg7 12.c3 f5 13.exf5 Bxf5 14.Nc2 O-O 15.Nce3 Be6 16.Bd3 f5
17.O-O Kh8 18.Qh5 e4 19.Bc2 Ne7 20.Rad1 Rc8 21.f3 Nxd5 22.Nxd5 Be5 23.fxe4 f4 24.Bb3
Rc5 25.Kh1 Rg8 26.h3 Bxd5 27.Rxd5 Qg5 28.Qxg5 Rxg5 29.Rf3 Rxd5 30.Bxd5 Rg3 31.Bb7
a5 32.Bc6 b4 33.cxb4 axb4 34.a4 Rxf3 35.gxf3 Bxb2 36.a5 b3 37.Ba4 Bc3 38.a6 b2 39.Bc2
Bd4 40.Kg2 Kg7 41.h4 Kh6 42.Bb1 Kh5 43.Kh3 Be3 44.Bd3 Bd4 45.e5 dxe5 46.Bxh7 Be3 47.Be4
Bd4 1/2-1/2

[Event "1. Bundesliga 2016/2017"]
[Site "Jenbach"]
[Date "2017.04.20"]
[Round "9"]
[Board "3"]
[White "Eisenbeiser, Amadeus"]
[Black "Skoberne, Jure"]
[Result "1/2-1/2"]
[WhiteElo "2387"]
[BlackElo "2544"]
[PlyCount "104"]
[EventDate "2016.10.20"]
[EventType "team"]
[EventRounds "11"]
[EventCountry "AUT"]
[WhiteTeam "Schachclub Sparkasse Goetzis"]
[BlackTeam "SV Raika Rapid Feffernitz"]

1.Nf3 Nf6 2.c4 g6 3.Nc3 Bg7 4.e4 d6 5.d4 O-O 6.h3 e5 7.d5 a5 8.Bg5 Na6 9.Bd3 Qe8 10.g4
Kh8 11.Nd2 Ng8 12.Qe2 f5 13.f3 Bf6 14.Be3 Bh4+ 15.Kd1 Qe7 16.a3 fxg4 17.hxg4 Bg5 18.Kc2
Bd7 19.Rh3 h6 20.Rah1 a4 21.Kb1 Nc5 22.Bc2 Kg7 23.Nf1 Rf7 24.Qd2 Bxe3 25.Qxe3 Qg5
26.Qxg5 hxg5 27.Kc1 Nf6 28.Ne3 Rff8 29.Kd2 Rfb8 30.R3h2 Rf8 31.Ned1 Rfb8 32.Kc1 Ra5
33.Nf2 b5 34.Nd3 Nxd3+ 35.Bxd3 bxc4 36.Bxc4 Rc5 37.Be2 c6 38.dxc6 Bxc6 39.Bd3 d5 40.Rc2
dxe4 41.Nxe4 Rxc2+ 42.Bxc2 Nxe4 43.fxe4 Rf8 44.Rg1 Rf4 45.Kd2 Kf6 46.Ke3 Ke7 47.Bd3
Kd6 48.Rg2 Kc5 49.Rg1 Kb6 50.Bc2 Kc5 51.Bd3 Kb6 52.Bc2 Kc5 1/2-1/2

[Event "1. Bundesliga 2016/2017"]
[Site "Jenbach"]
[Date "2017.04.20"]
[Round "9"]
[Board "4"]
[White "Diermair, Andreas"]
[Black "Kessler, Luca"]
[Result "1/2-1/2"]
[WhiteElo "2473"]
[BlackElo "2433"]
[PlyCount "94"]
[EventDate "2016.10.20"]
[EventType "team"]
[EventRounds "11"]
[EventCountry "AUT"]
[WhiteTeam "SV Raika Rapid Feffernitz"]
[BlackTeam "Schachclub Sparkasse Goetzis"]

1.Nf3 Nf6 2.c4 c6 3.Nc3 d5 4.e3 g6 5.Be2 Bg7 6.O-O O-O 7.d4 b6 8.b4 Bb7 9.Qb3 e6 10.a4
Nbd7 11.Ba3 Re8 12.Rac1 Rc8 13.Rfd1 a6 14.h3 Bf8 15.Rc2 Qc7 16.Rdc1 Qb8 17.cxd5 cxd5
18.b5 a5 19.Bxf8 Rxf8 20.Qa3 Rfd8 21.Bd3 Ne8 22.Ne2 Qd6 23.Qxd6 Nxd6 24.Ne5 Rxc2 25.Rxc2
Nf6 26.Nc6 Rd7 27.Ne5 Rd8 28.Nc6 Rd7 29.g4 h6 30.Ne5 Rd8 31.Nc6 Rd7 32.f3 Rc7 33.Kf2
Kf8 34.Ng3 Ng8 35.Ne5 Rxc2+ 36.Bxc2 Ke7 37.h4 g5 38.h5 f6 39.Nd3 f5 40.Ne5 Bc8 41.f4
gxf4 42.exf4 fxg4 43.Nxg4 Bd7 44.Kf3 Be8 45.Ne5 Nf6 46.Ng6+ Kf7 47.Bd3 Bd7 1/2-1/2

[Event "1. Bundesliga 2016/2017"]
[Site "Jenbach"]
[Date "2017.04.20"]
[Round "9"]
[Board "5"]
[White "Kvetny, Mark"]
[Black "Sebenik, Matej"]
[Result "1/2-1/2"]
[WhiteElo "2377"]
[BlackElo "2546"]
[PlyCount "227"]
[EventDate "2016.10.20"]
[EventType "team"]
[EventRounds "11"]
[EventCountry "AUT"]
[WhiteTeam "Schachclub Sparkasse Goetzis"]
[BlackTeam "SV Raika Rapid Feffernitz"]

1.c4 e6 2.Nf3 Nf6 3.g3 d5 4.Bg2 Be7 5.O-O O-O 6.b3 c5 7.e3 Nc6 8.Qe2 b6 9.Bb2 Bb7
10.Rd1 Qc7 11.Nc3 dxc4 12.bxc4 Rac8 13.Rac1 a6 14.d3 Rfd8 15.Ba1 Nd7 16.Ne1 Na7 17.Ne4
Bf8 18.f4 b5 19.Qh5 h6 20.f5 Re8 21.Rc2 exf5 22.Qxf5 Ne5 23.cxb5 axb5 24.Rdc1 Bxe4
25.Bxe4 g6 26.Qf4 Qd6 27.Nf3 Bg7 28.Bxe5 Bxe5 29.Nxe5 Qxe5 30.Qxe5 Rxe5 31.Kf2 c4
32.Bf3 Rd8 33.d4 Rf5 34.g4 Rf6 35.a4 bxa4 36.Rxc4 a3 37.Ra4 Nb5 38.Rc6 Rdd6 39.Rxd6
Rxd6 40.Ra5 Rb6 41.h4 Kg7 42.Bg2 g5 43.h5 Nc3 44.Rxa3 Rb2+ 45.Kf3 Nd1 46.Kg3 Re2 47.e4
Rd2 48.d5 Nf2 49.e5 Rd3+ 50.Rxd3 Nxd3 51.Be4 Nxe5 52.Bf5 Nc4 53.Bc2 Kf6 54.Bb3 Nd6
55.Kf3 Ke5 56.Ba2 Ne4 57.Ke3 f5 58.gxf5 Nf6 59.d6 Kxd6 60.Bf7 Ke5 61.Bg6 Nd5+ 62.Kf3
Kf6 63.Bh7 Ke5 64.Bg6 Nf6 65.Kg3 Ke4 66.Bf7 Kxf5 67.Bg6+ Ke5 68.Bf7 Nd5 69.Kg4 Ke4
70.Bg6+ Ke5 71.Bf7 Ne3+ 72.Kf3 Nf5 73.Kg4 Nd6 74.Bg6 Kf6 75.Kf3 Nf7 76.Kg3 Ne5 77.Be4
Ke6 78.Kh3 Kd6 79.Kg3 Kc5 80.Bf5 Kd4 81.Be6 Ke4 82.Bc8 Nc4 83.Bb7+ Ke5 84.Kf3 Nd2+
85.Ke3 Nb3 86.Bc6 Nd4 87.Bd7 Ne6 88.Kf3 Ng7 89.Kg4 Ne6 90.Be8 Nf4 91.Kf3 Ke6 92.Kg4
Nd5 93.Bg6 Ke7 94.Bd3 Nf6+ 95.Kf5 Nxh5 96.Kg6 Nf4+ 97.Kxh6 Kf6 98.Be4 g4 99.Bc6 g3
100.Be4 Ke5 101.Bh1 Kf5 102.Bf3 Ne6 103.Kh5 Kf4 104.Bh1 Ke3 105.Kg4 Kf2 106.Kh3 Nc5
107.Kg4 Nd3 108.Kh3 Nf4+ 109.Kg4 Ne2 110.Kh3 Nf4+ 111.Kg4 Ng2 112.Kh3 Ne3 113.Kh4
g2 114.Bxg2 1/2-1/2

[Event "1. Bundesliga 2016/2017"]
[Site "Jenbach"]
[Date "2017.04.20"]
[Round "9"]
[Board "6"]
[White "Fauland, Alexander"]
[Black "Anistratov, Dmitrij"]
[Result "1-0"]
[WhiteElo "2417"]
[BlackElo "2273"]
[PlyCount "103"]
[EventDate "2016.10.20"]
[EventType "team"]
[EventRounds "11"]
[EventCountry "AUT"]
[WhiteTeam "SV Raika Rapid Feffernitz"]
[BlackTeam "Schachclub Sparkasse Goetzis"]

1.c4 Nf6 2.g3 c6 3.Nf3 d6 4.Bg2 e5 5.Nc3 Nbd7 6.O-O Be7 7.d4 O-O 8.Qc2 Re8 9.b3 Bf8
10.e4 a6 11.Bb2 b5 12.d5 cxd5 13.cxd5 Nb6 14.a3 Bd7 15.Qd3 Qb8 16.Nd2 Rc8 17.f4 Be8
18.Nf3 Nbd7 19.b4 Nb6 20.Nd1 Nc4 21.Bc3 Bd7 22.Nf2 Be7 23.Nd2 Bd8 24.Nxc4 bxc4 25.Qe2
Bb6 26.Kh1 Re8 27.fxe5 dxe5 28.Bh3 Bd4 29.Bxd7 Nxd7 30.Bxd4 exd4 31.Qxc4 Qe5 32.Rad1
Qh5 33.Qxd4 Qf3+ 34.Kg1 Qxa3 35.Nd3 Qa4 36.e5 Qb5 37.Rfe1 a5 38.e6 fxe6 39.dxe6 Nf6
40.Re5 Qa4 41.Rde1 axb4 42.Nc5 Qa3 43.e7 Qc3 44.Qd6 Kh8 45.R5e3 Qc4 46.Ne4 Ng4 47.Rf3
Kg8 48.Ref1 h6 49.Nd2 Qe2 50.Qd5+ Kh8 51.Rf8+ Kh7 52.Qf5+ 1-0

[Event "1. Bundesliga 2016/2017"]
[Site "Jenbach"]
[Date "2017.04.20"]
[Round "9"]
[Board "1"]
[White "Ragger, Markus"]
[Black "Bindrich, Falko"]
[Result "1/2-1/2"]
[WhiteElo "2677"]
[BlackElo "2582"]
[PlyCount "158"]
[EventDate "2016.10.20"]
[EventType "team"]
[EventRounds "11"]
[EventCountry "AUT"]
[WhiteTeam "SC MPOE Maria Saal"]
[BlackTeam "SK Hohenems"]

1.Nf3 d5 2.g3 c6 3.Bg2 Bg4 4.O-O Nd7 5.h3 Bh5 6.d4 Ngf6 7.c4 e6 8.cxd5 exd5 9.Qb3
Qb6 10.Qe3+ Be7 11.Nh4 Bg6 12.Nc3 Qd8 13.b4 O-O 14.Nxg6 hxg6 15.b5 Re8 16.Qd3 Bb4
17.bxc6 bxc6 18.Bd2 Nb6 19.Rfc1 Qe7 20.Rc2 Nc4 21.Bg5 Qe6 22.Bxf6 gxf6 23.e4 Bxc3
24.Qxc3 Rac8 25.Qb3 f5 26.exf5 Qxf5 27.Rac1 Qf6 28.Bf1 Qxd4 29.Bxc4 dxc4 30.Rxc4 Qd2
31.Kg2 Re2 32.Rf4 Qxa2 33.Qf3 Rce8 34.Qxc6 Qe6 35.Qb7 Re5 36.Qf3 Qe7 37.Rc6 Re6 38.Rxe6
Qxe6 39.h4 Rd8 40.Ra4 Qd7 41.Ra6 Qd4 42.h5 gxh5 43.Ra5 h4 44.Rg5+ Kf8 45.gxh4 Rd6
46.h5 Re6 47.Qg3 Rd6 48.Kh2 Re6 49.Kg2 Rd6 50.Kh3 Qd3 51.Rg8+ Ke7 52.Kh2 Qxg3+ 53.fxg3
a5 54.g4 a4 55.g5 Rd2+ 56.Kg3 Rd1 57.h6 Rh1 58.Ra8 Ke6 59.Kf4 Rh4+ 60.Kg3 Rh1 61.Kg4
Rg1+ 62.Kf4 Rf1+ 63.Ke4 Re1+ 64.Kd4 Rh1 65.Ra5 Rh4+ 66.Ke3 a3 67.Kf3 Rh1 68.Kf4 Rh4+
69.Kg3 Rh1 70.Kg2 Rh5 71.Kf3 Rh1 72.Kg3 a2 73.Rxa2 Kf5 74.Rh2 Rxh2 75.Kxh2 Kg6 76.Kg3
f6 77.gxf6 Kxf6 78.h7 Kg7 79.h8=Q+ Kxh8 1/2-1/2

[Event "1. Bundesliga 2016/2017"]
[Site "Jenbach"]
[Date "2017.04.20"]
[Round "9"]
[Board "2"]
[White "Rozentalis, Eduardas"]
[Black "Buhmann, Rainer"]
[Result "1/2-1/2"]
[WhiteElo "2540"]
[BlackElo "2609"]
[PlyCount "60"]
[EventDate "2016.10.20"]
[EventType "team"]
[EventRounds "11"]
[EventCountry "AUT"]
[WhiteTeam "SK Hohenems"]
[BlackTeam "SC MPOE Maria Saal"]

1.e4 e5 2.Nf3 Nc6 3.Bb5 a6 4.Bxc6 dxc6 5.O-O Bg4 6.h3 h5 7.d3 Qf6 8.Be3 Bxf3 9.Qxf3
Qxf3 10.gxf3 Bd6 11.Nd2 Ne7 12.Nc4 Ng6 13.Rfd1 f6 14.Kf1 Kf7 15.c3 a5 16.a4 Rhd8 17.d4
exd4 18.Rxd4 Ne5 19.Nxe5+ fxe5 20.Rd3 Re8 21.Ke2 Re6 22.Rad1 Rg6 23.b3 Ke6 24.c4 c5
25.Rd5 b6 26.h4 Rf8 27.Bg5 Rxg5 28.hxg5 g6 29.Rxd6+ cxd6 30.Rh1 Rf4 1/2-1/2

[Event "1. Bundesliga 2016/2017"]
[Site "Jenbach"]
[Date "2017.04.20"]
[Round "9"]
[Board "3"]
[White "Predojevic, Borki"]
[Black "Atlas, Valery"]
[Result "1/2-1/2"]
[WhiteElo "2616"]
[BlackElo "2437"]
[PlyCount "60"]
[EventDate "2016.10.20"]
[EventType "team"]
[EventRounds "11"]
[EventCountry "AUT"]
[WhiteTeam "SC MPOE Maria Saal"]
[BlackTeam "SK Hohenems"]

1.e4 c5 2.Nf3 e6 3.d4 cxd4 4.Nxd4 Nf6 5.Nc3 d6 6.g4 h6 7.h4 Be7 8.Qf3 Nc6 9.Nxc6 bxc6
10.g5 Nd7 11.Rg1 hxg5 12.Bxg5 Ne5 13.Qg3 Ng6 14.O-O-O e5 15.Na4 Bxg5+ 16.hxg5 Qc7
17.Qa3 Ke7 18.Rg3 Be6 19.Rgd3 Rhd8 20.R3d2 Rab8 21.f3 Nf4 22.b3 a5 23.Nb2 c5 24.c3
Ra8 25.Bc4 Bh3 26.Qa4 Bd7 27.Bb5 Be6 28.Bc4 Bd7 29.Bb5 Be6 30.Bc4 Bd7 1/2-1/2

[Event "1. Bundesliga 2016/2017"]
[Site "Jenbach"]
[Date "2017.04.20"]
[Round "9"]
[Board "4"]
[White "Froewis, Georg"]
[Black "Naumann, Alexander"]
[Result "0-1"]
[WhiteElo "2435"]
[BlackElo "2565"]
[PlyCount "110"]
[EventDate "2016.10.20"]
[EventType "team"]
[EventRounds "11"]
[EventCountry "AUT"]
[WhiteTeam "SK Hohenems"]
[BlackTeam "SC MPOE Maria Saal"]

1.Nf3 Nf6 2.c4 g6 3.Nc3 d5 4.cxd5 Nxd5 5.Qb3 Nb6 6.d4 Bg7 7.e4 Bg4 8.Bb5+ c6 9.Ng5
O-O 10.Be2 Bxe2 11.Nxe2 c5 12.dxc5 N6d7 13.Qxb7 Qa5+ 14.Bd2 Qa6 15.Qxa6 Nxa6 16.Rb1
Naxc5 17.b4 Nd3+ 18.Kf1 Rfc8 19.Rb3 Nb2 20.Nf3 Rc2 21.g3 Nc4 22.Bc3 Rxa2 23.Bxg7 Kxg7
24.Ned4 Nf6 25.Kg2 Nxe4 26.Re1 Ncd6 27.Re2 Rxe2 28.Nxe2 Nc4 29.Ned4 a5 30.bxa5 Rxa5
31.Rb4 Ned6 32.Nc6 Ra2 33.Kg1 e6 34.h4 h6 35.Nce5 Nxe5 36.Nxe5 Re2 37.Nd3 Re4 38.Rb6
Rd4 39.Ne5 Rd5 40.Kg2 g5 41.hxg5 hxg5 42.Nf3 Ne4 43.Rb4 Nc5 44.Rb5 g4 45.Nh2 f5 46.Nf1
Re5 47.Ne3 Nd3 48.Rb1 Ra5 49.Nc4 Ra2 50.Rf1 Re2 51.Ne3 Kf6 52.Nd1 Kg5 53.Kg1 e5 54.Nc3
Rc2 55.Nd1 f4 0-1

[Event "1. Bundesliga 2016/2017"]
[Site "Jenbach"]
[Date "2017.04.20"]
[Round "9"]
[Board "5"]
[White "Kreisl, Robert"]
[Black "Baldauf, Marco"]
[Result "1/2-1/2"]
[WhiteElo "2435"]
[BlackElo "2456"]
[PlyCount "55"]
[EventDate "2016.10.20"]
[EventType "team"]
[EventRounds "11"]
[EventCountry "AUT"]
[WhiteTeam "SC MPOE Maria Saal"]
[BlackTeam "SK Hohenems"]

1.Nf3 Nf6 2.c4 g6 3.Nc3 d5 4.d4 Bg7 5.cxd5 Nxd5 6.e4 Nxc3 7.bxc3 c5 8.Rb1 O-O 9.Be2
cxd4 10.cxd4 Qa5+ 11.Qd2 Qxd2+ 12.Bxd2 b6 13.O-O Bb7 14.d5 Na6 15.Bg5 f6 16.Be3 f5
17.exf5 Rxf5 18.Bd3 Rff8 19.Bc4 Rfc8 20.Rbc1 Kh8 21.Ng5 Bb2 22.d6 exd6 23.Nf7+ Kg7
24.Bh6+ Kf6 25.Bg5+ Kg7 26.Bh6+ Kf6 27.Bg5+ Kg7 28.Bh6+ 1/2-1/2

[Event "1. Bundesliga 2016/2017"]
[Site "Jenbach"]
[Date "2017.04.20"]
[Round "9"]
[Board "6"]
[White "Baenziger, Fabian"]
[Black "Halvax, Georg"]
[Result "1/2-1/2"]
[WhiteElo "2312"]
[BlackElo "2425"]
[PlyCount "53"]
[EventDate "2016.10.20"]
[EventType "team"]
[EventRounds "11"]
[EventCountry "AUT"]
[WhiteTeam "SK Hohenems"]
[BlackTeam "SC MPOE Maria Saal"]

1.d4 d5 2.c4 e6 3.Nc3 c6 4.g3 dxc4 5.Bg2 Bb4 6.Nf3 b5 7.O-O Bb7 8.e4 Ne7 9.Qc2 Bxc3
10.bxc3 c5 11.Rd1 Nd7 12.a4 a6 13.dxc5 Qc7 14.axb5 Nxc5 15.Bf4 Qc8 16.Nd4 O-O 17.bxa6
Rxa6 18.Rxa6 Bxa6 19.Bd6 Re8 20.Ra1 Nd3 21.Qa4 Bb7 22.Rb1 Nc6 23.Rxb7 Qxb7 24.Qxc6
Qxc6 25.Nxc6 Ra8 26.Ne5 Ra2 27.Nxc4 1/2-1/2

[Event "1. Bundesliga 2016/2017"]
[Site "Jenbach"]
[Date "2017.04.21"]
[Round "10"]
[Board "1"]
[White "Bosiocic, Marin"]
[Black "Bindrich, Falko"]
[Result "0-1"]
[WhiteElo "2610"]
[BlackElo "2582"]
[PlyCount "86"]
[EventDate "2016.10.20"]
[EventType "team"]
[EventRounds "11"]
[EventCountry "AUT"]
[WhiteTeam "SV Pillenkoenig St. Veit"]
[BlackTeam "SK Hohenems"]

1.Nf3 d5 2.d4 Nf6 3.c4 e6 4.g3 Bb4+ 5.Bd2 Be7 6.Bg2 O-O 7.O-O Nbd7 8.Qc2 Ne4 9.Bf4
c6 10.Nc3 g5 11.Be3 Nd6 12.b3 Nf5 13.cxd5 Nxe3 14.fxe3 exd5 15.Bh3 Bb4 16.Nd1 Nb6
17.Bf5 Bxf5 18.Qxf5 f6 19.Nf2 Qd7 20.Qd3 Rae8 21.a3 Bd6 22.e4 Qe7 23.exd5 cxd5 24.Ra2
a6 25.a4 Nd7 26.Qf5 Qe6 27.Qxe6+ Rxe6 28.Rb1 Nb8 29.b4 Nc6 30.Rab2 Rfe8 31.b5 Na5
32.bxa6 bxa6 33.Rb6 Bc7 34.Rxe6 Rxe6 35.Kf1 Nc4 36.Rb7 Ne3+ 37.Kg1 Bb6 38.g4 Nc2 39.Rd7
Bxd4 40.Rxd5 Bb6 41.Rd2 Ne3 42.h3 Rc6 43.Kh1 Nc4 0-1

[Event "1. Bundesliga 2016/2017"]
[Site "Jenbach"]
[Date "2017.04.21"]
[Round "10"]
[Board "2"]
[White "Rozentalis, Eduardas"]
[Black "Brkic, Ante"]
[Result "1-0"]
[WhiteElo "2540"]
[BlackElo "2552"]
[PlyCount "95"]
[EventDate "2016.10.20"]
[EventType "team"]
[EventRounds "11"]
[EventCountry "AUT"]
[WhiteTeam "SK Hohenems"]
[BlackTeam "SV Pillenkoenig St. Veit"]

1.e4 c5 2.Nf3 d6 3.Bb5+ Bd7 4.c4 Nf6 5.Nc3 Nc6 6.d4 cxd4 7.Nxd4 g6 8.f3 Nxd4 9.Bxd7+
Qxd7 10.Qxd4 Bg7 11.O-O O-O 12.Qd3 Rac8 13.Be3 a6 14.Rac1 Rc6 15.b3 e6 16.Rfd1 Qe7
17.Bf4 Rd8 18.a4 Qc7 19.Kh1 Nd7 20.Ne2 Ne5 21.Qd2 Qb8 22.a5 b6 23.axb6 Rxb6 24.Nd4
Qb7 25.Qa5 Rc8 26.Be3 Nc6 27.Nxc6 Rbxc6 28.Rd3 Qc7 29.Qxc7 R8xc7 30.Rcd1 Bf8 31.g4
Rb7 32.Ra1 Be7 33.Kg2 e5 34.Kf2 f6 35.Ke2 Kf7 36.Kd2 Ke6 37.Kc2 Rb8 38.Rd5 Rf8 39.Rda5
f5 40.Rxa6 Rxa6 41.Rxa6 fxe4 42.fxe4 Rf3 43.Bd2 Rf2 44.c5 Kf7 45.c6 Bg5 46.c7 Rxd2+
47.Kc3 Rd1 48.Ra2 1-0

[Event "1. Bundesliga 2016/2017"]
[Site "Jenbach"]
[Date "2017.04.21"]
[Round "10"]
[Board "3"]
[White "Antoniewski, Rafal"]
[Black "Atlas, Valery"]
[Result "1-0"]
[WhiteElo "2535"]
[BlackElo "2437"]
[PlyCount "85"]
[EventDate "2016.10.20"]
[EventType "team"]
[EventRounds "11"]
[EventCountry "AUT"]
[WhiteTeam "SV Pillenkoenig St. Veit"]
[BlackTeam "SK Hohenems"]

1.d4 Nf6 2.c4 c5 3.d5 e5 4.Nc3 d6 5.e4 Nbd7 6.g3 Be7 7.Bg2 O-O 8.Nge2 a6 9.a4 b6 10.O-O
Ne8 11.h3 Ra7 12.Kh2 Kh8 13.b3 g6 14.Bh6 Rg8 15.Be3 g5 16.Nc1 Ng7 17.Nd3 f5 18.a5
f4 19.Bd2 bxa5 20.Nb1 Qf8 21.Bxa5 Bd8 22.Bc3 Bb6 23.Nd2 Ne8 24.Rh1 Nef6 25.Kg1 Nb8
26.g4 h5 27.f3 Rh7 28.Kf2 Rg6 29.Ke2 hxg4 30.hxg4 Nxg4 31.fxg4 Bxg4+ 32.Bf3 Bxf3+
33.Nxf3 g4 34.Nfxe5 dxe5 35.Nxe5 Kg8 36.Nxg6 Qe8 37.Kd3 Qxg6 38.Rxh7 Kxh7 39.Qh1+
Qh6 40.Be5 Nd7 41.Qxh6+ Kxh6 42.Bxf4+ Kg6 43.Rxa6 1-0

[Event "1. Bundesliga 2016/2017"]
[Site "Jenbach"]
[Date "2017.04.21"]
[Round "10"]
[Board "4"]
[White "Froewis, Georg"]
[Black "Koop, Thorben"]
[Result "1/2-1/2"]
[WhiteElo "2435"]
[BlackElo "2398"]
[PlyCount "61"]
[EventDate "2016.10.20"]
[EventType "team"]
[EventRounds "11"]
[EventCountry "AUT"]
[WhiteTeam "SK Hohenems"]
[BlackTeam "SV Pillenkoenig St. Veit"]

1.Nf3 Nf6 2.c4 g6 3.Nc3 Bg7 4.e4 O-O 5.d4 c6 6.Be2 d5 7.e5 Ne4 8.O-O Nxc3 9.bxc3 b6
10.Bf4 Ba6 11.cxd5 cxd5 12.Bxa6 Nxa6 13.Qd2 Nc7 14.Bh6 Ne6 15.Bxg7 Kxg7 16.Rae1 Rc8
17.Re3 Rc6 18.Ne1 Ng5 19.f3 f5 20.exf6+ exf6 21.Nd3 Re8 22.Rxe8 Qxe8 23.Re1 Re6 24.Rxe6
Nxe6 25.Qe3 Qd7 26.Nf4 Nxf4 27.Qxf4 Qe7 28.Qd2 Kf7 29.h3 Qc7 30.Qe3 Qe7 31.Qd2 1/2-1/2

[Event "1. Bundesliga 2016/2017"]
[Site "Jenbach"]
[Date "2017.04.21"]
[Round "10"]
[Board "5"]
[White "Hebesberger, Thomas"]
[Black "Baldauf, Marco"]
[Result "0-1"]
[WhiteElo "2292"]
[BlackElo "2456"]
[PlyCount "90"]
[EventDate "2016.10.20"]
[EventType "team"]
[EventRounds "11"]
[EventCountry "AUT"]
[WhiteTeam "SV Pillenkoenig St. Veit"]
[BlackTeam "SK Hohenems"]

1.c4 Nf6 2.Nc3 e6 3.Nf3 d5 4.e3 Be7 5.b3 O-O 6.Bb2 b6 7.cxd5 exd5 8.Be2 Bb7 9.O-O
Nbd7 10.Rc1 a6 11.Nd4 Re8 12.f4 c5 13.Nf5 Bf8 14.Bd3 g6 15.Ng3 d4 16.exd4 cxd4 17.Nce2
Nc5 18.Bb1 Qd5 19.Rf3 Qd6 20.Nxd4 Bxf3 21.Qxf3 Qd5 22.f5 Qxf3 23.Nxf3 Bg7 24.fxg6
hxg6 25.d4 Ncd7 26.Rc7 Rac8 27.Ra7 Bh6 28.Ne5 Bc1 29.Nxd7 Nxd7 30.Rxd7 Bxb2 31.Bd3
Red8 32.Rxd8+ Rxd8 33.Bxa6 Bxd4+ 34.Kf1 Ra8 35.Bc4 Rxa2 36.Ne4 Kg7 37.h4 f5 38.Ng5
Be3 39.g3 Kf6 40.Nh3 Rh2 41.Bd5 f4 42.Nxf4 Bxf4 43.gxf4 Rxh4 44.Kg2 Rxf4 45.Kg3 g5 0-1

[Event "1. Bundesliga 2016/2017"]
[Site "Jenbach"]
[Date "2017.04.21"]
[Round "10"]
[Board "6"]
[White "Baenziger, Fabian"]
[Black "Ceschia, Ivano"]
[Result "1-0"]
[WhiteElo "2312"]
[BlackElo "2301"]
[PlyCount "93"]
[EventDate "2016.10.20"]
[EventType "team"]
[EventRounds "11"]
[EventCountry "AUT"]
[WhiteTeam "SK Hohenems"]
[BlackTeam "SV Pillenkoenig St. Veit"]

1.e4 e6 2.d3 d5 3.Nd2 c5 4.Ngf3 Nc6 5.g3 g6 6.Bg2 Bg7 7.O-O Nge7 8.Re1 O-O 9.e5 Qc7
10.Qe2 b5 11.Nf1 Nd4 12.Nxd4 cxd4 13.Bf4 Bd7 14.h4 Rac8 15.Rac1 Nc6 16.Nh2 h5 17.a3
b4 18.Bxd5 bxa3 19.bxa3 Qa5 20.Bg2 Ne7 21.Nf3 Nd5 22.Bg5 Nc3 23.Qd2 Bc6 24.Be7 Rfe8
25.Bb4 Qd5 26.Qf4 Na2 27.Ra1 Ba8 28.Rxa2 Qxa2 29.Ng5 Rc7 30.Bxa8 Rxa8 31.Ne4 Qxc2
32.Nf6+ Kh8 33.Bd6 Rc6 34.Ne4 Rb6 35.Qxf7 Rb1 36.Rxb1 Qxb1+ 37.Kg2 Qxd3 38.Qxg6 Rc8
39.Qxh5+ Kg8 40.Qg6 Kh8 41.h5 Rc1 42.h6 Qf1+ 43.Kf3 Qh1+ 44.Kg4 Qxh6 45.Qe8+ Bf8 46.Bxf8
Qh7 47.Bh6+ 1-0

[Event "1. Bundesliga 2016/2017"]
[Site "Jenbach"]
[Date "2017.04.21"]
[Round "10"]
[Board "1"]
[White "Lenic, Luka"]
[Black "Ragger, Markus"]
[Result "1/2-1/2"]
[WhiteElo "2645"]
[BlackElo "2677"]
[PlyCount "60"]
[EventDate "2016.10.20"]
[EventType "team"]
[EventRounds "11"]
[EventCountry "AUT"]
[WhiteTeam "SV Raika Rapid Feffernitz"]
[BlackTeam "SC MPOE Maria Saal"]

1.e4 c6 2.d4 d5 3.Nc3 dxe4 4.Nxe4 Bf5 5.Ng3 Bg6 6.h4 h6 7.Nf3 Nd7 8.h5 Bh7 9.Bd3 Bxd3
10.Qxd3 e6 11.Bd2 Ngf6 12.O-O-O Be7 13.Kb1 O-O 14.Ne4 Nxe4 15.Qxe4 Nf6 16.Qe2 Qd5
17.Ne5 Qe4 18.Qxe4 Nxe4 19.Be3 Rfd8 20.g4 c5 21.f3 cxd4 22.Bxd4 Bc5 23.Bxc5 Nxc5 24.c3
Kf8 25.Kc2 Ke7 26.b4 Nd7 27.Rxd7+ Rxd7 28.Nxd7 Kxd7 29.Rd1+ Kc7 30.c4 b6 1/2-1/2

[Event "1. Bundesliga 2016/2017"]
[Site "Jenbach"]
[Date "2017.04.21"]
[Round "10"]
[Board "2"]
[White "Buhmann, Rainer"]
[Black "Danin, Alexandre"]
[Result "1/2-1/2"]
[WhiteElo "2609"]
[BlackElo "2564"]
[PlyCount "132"]
[EventDate "2016.10.20"]
[EventType "team"]
[EventRounds "11"]
[EventCountry "AUT"]
[WhiteTeam "SC MPOE Maria Saal"]
[BlackTeam "SV Raika Rapid Feffernitz"]

1.Nf3 d5 2.d4 Nf6 3.c4 c6 4.e3 Bf5 5.Nc3 a6 6.Ne5 Nbd7 7.Qb3 Qc7 8.cxd5 Nxe5 9.dxe5
Nxd5 10.Nxd5 cxd5 11.Bd2 Qxe5 12.Rc1 Bd7 13.Bc3 Qc7 14.Qxd5 Bc6 15.Qg5 h6 16.Qg4 h5
17.Qg3 Rc8 18.Qxc7 Rxc7 19.f3 e6 20.Kf2 f6 21.Ba5 Rc8 22.Bc4 Kf7 23.Rhd1 Be7 24.Bb6
Bd8 25.Bd4 Be7 26.Bb6 Bd8 27.Bd4 Be7 28.f4 Be4 29.Be2 g6 30.Bf3 Bxf3 31.Kxf3 Rhd8
32.g3 f5 33.h3 Bf6 34.Rxc8 Rxc8 35.Bxf6 Kxf6 36.Rd6 Rc7 37.Rb6 Re7 38.g4 g5 39.gxh5
gxf4 40.exf4 Rh7 41.Kg3 Rxh5 42.Rxb7 Rh8 43.a4 Rd8 44.a5 Rd3+ 45.Kg2 Rd2+ 46.Kf3 Rd3+
47.Ke2 Rxh3 48.Rb6 Rh4 49.Ke3 Rh3+ 50.Ke2 Rh4 51.Rxa6 Rh2+ 52.Kd3 Rxb2 53.Ra8 Ra2
54.a6 e5 55.fxe5+ Kxe5 56.Kc4 Kf4 57.Kb5 Kf3 58.Rc8 f4 59.Rc4 Kg3 60.Ra4 Rxa4 61.Kxa4
f3 62.a7 f2 63.a8=Q f1=Q 64.Qg8+ Kf2 65.Qf7+ Kg1 66.Qxf1+ Kxf1 1/2-1/2

[Event "1. Bundesliga 2016/2017"]
[Site "Jenbach"]
[Date "2017.04.21"]
[Round "10"]
[Board "3"]
[White "Skoberne, Jure"]
[Black "Predojevic, Borki"]
[Result "1/2-1/2"]
[WhiteElo "2544"]
[BlackElo "2616"]
[PlyCount "60"]
[EventDate "2016.10.20"]
[EventType "team"]
[EventRounds "11"]
[EventCountry "AUT"]
[WhiteTeam "SV Raika Rapid Feffernitz"]
[BlackTeam "SC MPOE Maria Saal"]

1.Nf3 d5 2.g3 c5 3.Bg2 Nc6 4.O-O Nf6 5.d3 e5 6.e4 dxe4 7.dxe4 Qxd1 8.Rxd1 Bg4 9.c3
Nxe4 10.Re1 O-O-O 11.Na3 Nf6 12.Nc4 Be6 13.Nfxe5 Nxe5 14.Nxe5 Bd6 15.f4 Rhe8 16.Be3
Ng4 17.Nxg4 Bxg4 18.Kf2 Kc7 19.Bd5 Re7 20.c4 b6 21.Bd2 Rdd7 22.Bc3 f6 23.Rxe7 Rxe7
24.Re1 Rxe1 25.Kxe1 Kd7 26.Kd2 Be6 27.Bxe6+ Kxe6 28.Ke3 g6 29.b3 h5 30.Ke4 f5+ 1/2-1/2

[Event "1. Bundesliga 2016/2017"]
[Site "Jenbach"]
[Date "2017.04.21"]
[Round "10"]
[Board "4"]
[White "Naumann, Alexander"]
[Black "Schreiner, Peter"]
[Result "1/2-1/2"]
[WhiteElo "2565"]
[BlackElo "2482"]
[PlyCount "60"]
[EventDate "2016.10.20"]
[EventType "team"]
[EventRounds "11"]
[EventCountry "AUT"]
[WhiteTeam "SC MPOE Maria Saal"]
[BlackTeam "SV Raika Rapid Feffernitz"]

1.e4 e5 2.Nf3 Nc6 3.d4 exd4 4.Nxd4 Bb4+ 5.c3 Bc5 6.Nxc6 bxc6 7.Bd3 d5 8.exd5 Qe7+
9.Qe2 Qxe2+ 10.Kxe2 cxd5 11.Be3 Bxe3 12.Kxe3 Nf6 13.f3 a5 14.Nd2 c5 15.Rhe1 O-O 16.Kf2
Be6 17.Bc2 Rfb8 18.b3 Ne8 19.a4 Nd6 20.Re5 g6 21.Rae1 Rb6 22.h4 c4 23.R1e2 Rc8 24.R5e3
cxb3 25.Bxb3 Rbc6 26.Re5 Rc5 27.h5 Nf5 28.hxg6 hxg6 29.Nb1 Kg7 30.g4 Nd6 1/2-1/2